000 00579nam a2200193Ia 4500
003 GCL
008 140319s9999 xx 000 0 ara d
040 _aGCL /
_cGCL
082 0 4 _a225.4
_bم ب
100 1 _aمصطفى كمال المهدى
245 1 0 _aالبيان بالقران /
_cمصطفى كمال المهدى
260 _a[S.N] :
_bالدار الجماهيرية للنشر والتوزيع والاعلان ،
_c1990
300 _aمتعدد
490 _a
650 0 4 _aالبلاغة
650 0 4 _aالفاظ
650 0 4 _aالقران
942 _2ddc
_cBK
999 _c54796
_d54796